100 Biggest Cities of Asia in 1850 with a Map - Statistics

General Stats
  • This quiz has been taken 1,493 times
  • The average score is 46 of 100
Answers on the Map
Answers color-coded by a green-red scale on the quiz's map according to % correct below.
 
Answer Stats
Population City Country % Correct
567k Edo Japan
96%
156k Delhi United Kingdom
95%
80k Tehran Persia
95%
1,65m Beijing China
94%
575k Bombay United Kingdom
93%
194k Hanseong Joseon
93%
114k Manila Spain
93%
80k Baghdad Ottoman Empire
92%
160k Bangkok Siam
91%
250k Shanghai China
91%
413k Calcutta United Kingdom
90%
300k Osaka Japan
90%
75k Hanoi Đại Nam
89%
71k Batavia Netherlands
88%
108k Damascus Ottoman Empire
88%
800k Guangzhou China
88%
80k Pyeongyang Joseon
88%
323k Kyoto Japan
84%
310k Madras United Kingdom
83%
150k Smyrna Ottoman Empire
82%
60k Dacca United Kingdom
79%
275k Xi'an China
79%
60k Muscat Muscat and Oman
78%
235k Wuchang China
78%
200k Hyderabad United Kingdom
77%
60k Kabul Afghanistan
77%
94k Lahore United Kingdom
76%
95k Aleppo Ottoman Empire
75%
131k Bangalore United Kingdom
75%
65k Tashkent Kokand
74%
240k Chengdu China
73%
200k Chongqing China
72%
200k Jiangning China
72%
100k Nagoya Japan
72%
200k Tianjin China
72%
96k Ahmedabad United Kingdom
70%
60k Isfahan Persia
66%
85k Xiamen China
65%
60k Soerabaja Netherlands
62%
108k Agra United Kingdom
61%
73k Poona United Kingdom
60%
700k Hangzhou China
59%
300k Lucknow United Kingdom
59%
100k Jeypore United Kingdom
57%
125k Tabriz Persia
57%
100k Bursa Ottoman Empire
55%
250k Fuzhou China
54%
99k Surat United Kingdom
53%
180k Mukden China
50%
110k Changsha China
46%
263k Patna United Kingdom
42%
550k Suzhou China
40%
111k Nagpur United Kingdom
39%
230k Ningbo China
38%
108k Cawnpore United Kingdom
37%
185k Benares United Kingdom
35%
70k Jinan China
33%
70k Bukhara Bukhara
32%
60k Huế Đại Nam
32%
60k Indore United Kingdom
32%
170k Lanzhou China
31%
110k Amritsar United Kingdom
30%
60k Taiwan China
29%
80k Multan United Kingdom
27%
72k Kagoshima Japan
25%
175k Foshan China
24%
110k Nanchang China
23%
106k Baroda United Kingdom
22%
70k Allahabad United Kingdom
21%
95k Kaifeng China
18%
100k Soerakarta Netherlands
17%
101k Bareilly United Kingdom
12%
116k Kanazawa Japan
12%
60k Xuzhou China
12%
74k Gwalior United Kingdom
10%
60k Kokand Kokand
10%
65k Yangzhou China
10%
75k Huaiyin China
7%
75k Shaoxing China
7%
70k Zhangjiakou China
7%
130k Zhenjiang China
7%
70k Rehe China
6%
76k Trichinopoly United Kingdom
6%
75k Xiangyang China
6%
144k Jingdezhen China
5%
80k Liaoyang China
5%
110k Xiangtan China
5%
65k Mathura United Kingdom
4%
66k Matsumae Japan
4%
75k Wanzhou China
4%
70k Yarkand China
4%
60k Jhansi United Kingdom
3%
80k Rampur United Kingdom
3%
69k Bharatpur United Kingdom
2%
77k Mirzapur United Kingdom
2%
96k Murshidabad United Kingdom
2%
60k Qulja China
2%
62k Shahjahanpur United Kingdom
2%
72k Amroha United Kingdom
1%
68k Farukkhabad United Kingdom
1%
No matching quizzes found
Score Distribution
Percent of People with Each Score
Percentile by Number Answered
Your Score History
You have not taken this quiz